[Event "Catalunya-chB"]
[Site "Spain"]
[Date "1996.10.06"]
[Round "1"]
[White "Munoz Casanovas, Aleix"]
[Black "Haro Lablanca, Francesco"]
[Result "1/2-1/2"]
[WhiteElo "1700"]
[BlackElo "1820"]
[PlyCount "44"]
[EventDate "1997.??.??"]
[EventType "swiss"]
[EventRounds "8"]
[EventCountry "ESP"]
[SourceTitle "EXT 2003"]
[Source "ChessBase"]
[SourceDate "2002.11.25"]
[SourceVersion "1"]
[SourceVersionDate "2002.11.25"]
[SourceQuality "1"]

1. c4 e5 2. Nc3 Nf6 3. d3 Nc6 4. Nf3 d6 5. g3 Be7 6. Bg2 Bd7 7. 0-0 Qc8 8. Re1 Bh3 9. Bh1 h6 10. Nh4 Ng4 11. Ng2 Qf5 12. Ne4 Nd4 13. Ne3 Nxe3 14. Bxe3 h5 15. Bxd4 exd4 16. e3 c5 17. exd4 cxd4 18. Qf3 Qxf3 19. Bxf3 Kf8 20. Nd2 Rb8 21. Re4 b6 22. Nb3 Bf6 1/2-1/2